000 00317nam a2200133Ia 4500
008 150201s2003 xx 000 0 und d
082 _a616
_bM08H
100 _aHOSSAIN,A S M T
245 _aMEDICAL THERAPEUTICS
250 _a1ST
260 _bAITBS
_aDELHI
_c2003
650 _aMEDICINE AND DIAGNOSIS
942 _2ddc
_cBK
999 _c711
_d711